Véronique opéra comique en trois actes : partition chant et piano /

Hlavní autor: Messager, André, 1853-1929
Další autoři: Vanloo, Albert, 1846-1920, Duval, Georges, 1847-1919
Jazyk: Francouzština
Vydáno: Paris : Choudens, 1898
Fyzický popis: 230 s.
Hudebniny Hudebniny
Uloženo v:
LEADER 00885ncm a22002292a 4500
001 001087275
003 CZ BrMZK
005 20101206144906.0
007 qu
008 100216s1898 fr |||||||||||||||||fre d
040 |a BOA001  |b cze 
072 7 |a 782  |x Divadelní hudba. Opera, opereta, muzikál  |2 Konspekt  |9 9 
100 1 |a Messager, André,  |d 1853-1929  |7 xx0001673  |4 cmp 
245 1 0 |a Véronique  |h [hudebnina] :  |b opéra comique en trois actes : partition chant et piano /  |c de A. Vanloo & G. Duval ; musique de André Charles Prosper Messager 
260 |a Paris :  |b Choudens,  |c 1898 
300 |a 230 s. 
700 1 |a Vanloo, Albert,  |d 1846-1920  |7 jn20020722486  |4 lyr 
700 1 |a Duval, Georges,  |d 1847-1919  |7 jn20030908010  |4 lyr 
910 |a BOA001  |b Mus3-0252.403 
990 |a MU 
991 |b 201002 
996 6 |b 2619449884  |c Mus3-0252.403  |l MZK  |r Sklad / do 1 hodiny  |n 0  |w 001111254  |u 000010  |a 1  |e BOA001  |j MZK50  |s P